Computer methods for mathematical computations

সংরক্ষণ করুন:
গ্রন্থ-পঞ্জীর বিবরন
প্রধান লেখক: Forsythe, George Elmer (Author), Malcolm, Michael A (Author)
অন্যান্য লেখক: Moler, Cleve B. (autor)
বিন্যাস: গ্রন্থ
ভাষা:ইংরেজি
প্রকাশিত: Englewood Cliffs Prentice-Hall 1977
মালা:Prentice-Hall Series in Automatic Computation
বিষয়গুলি:
ট্যাগগুলো: ট্যাগ যুক্ত করুন
কোনো ট্যাগ নেই, প্রথমজন হিসাবে ট্যাগ করুন!

MARC

LEADER 00000nam a2200000 a 4500
001 UCV3924
003 CL-VaPUC
008 880722e19770000US |||||||||||||||||eng|d
082 0 4 |a 519.4  |b FOR  |2 21 
100 0 |a Forsythe, George Elmer  |e author  |9 298322 
700 0 |a Malcolm, Michael A  |e author  |9 298323 
700 |a Moler, Cleve B.  |e autor  |9 578031 
245 1 0 |a Computer methods for mathematical computations 
300 |a 259 p 
942 |c BK 
945 |d 19880722 00:00:00 
260 |a Englewood Cliffs  |b Prentice-Hall  |c 1977 
650 0 |a Análisis numérico   |9 259387 
650 0 |a Proceso de datos   |9 259776 
650 7 |a FORTRAN LENGUAJE DE PROGRAMACION PARA COMPUTADORES  |2 CL-VaPUC  |9 260089 
583 |a last modification  |c 20120409 10:18:11  |k Rodrigo Vera 
490 0 |a Prentice-Hall Series in Automatic Computation 
999 |c 211018  |d 211016